000 00559nam a22001815i 4500
001 68630
003 ES-MaACL
005 20250805064135.0
007 t|
008 990311s1871 fr ||||1| fre d
040 _aCCPB | B
_bspa
_cCCPB | B
100 1 _aGautier, Théophile,
_d1811-1872
_9170960
245 1 0 _aTableaux de siège
_b: Paris, 1870-1871 /
_cThéophile Gautier.
260 _aParis :
_bCharpentier et Cie., Libraires-éditeurs,
_c1871.
300 _a[2], 376 p. ;
_c21 cm.
852 _aES-MaACL
_jG-14468
999 _c68630
_d68630